Compendio estadístico 1971

Kaydedildi:
Detaylı Bibliyografya
Müşterek Yazar: INE (Yazar)
Materyal Türü: Kitap
Dil:İspanyolca
Baskı/Yayın Bilgisi: Santiago INE 1971
Konular:
Etiketler: Etiketle
Etiket eklenmemiş, İlk siz ekleyin!

MARC

LEADER 00000nam a2200000 a 4500
001 UCR6804
003 CL-VaPUC
008 980423e19710000CL |||||||||||||||||spa|d
082 0 4 |a 304.602  |b INE  |2 21 
110 2 |a INE  |e author  |9 407933 
245 1 0 |a Compendio estadístico 1971 
300 |a 56 p 
942 |c BK 
945 |d 19980423 00:00:00  |a lriquelm 
260 |a Santiago  |b INE  |c 1971 
650 7 |a ESTADISTICAS SOCIALES  |2 CL-VaPUC  |9 407934 
650 0 |a Demografía   |9 260008 
650 0 |a Población  |9 257577 
650 7 |a CENSOS  |2 CL-VaPUC  |9 317246 
650 7 |a CRECIMIENTO DE LA POBLACION  |2 CL-VaPUC  |9 407935 
650 0 |a Educación  |9 258661 
650 0 |a Cultura  |9 269059 
650 0 |a Medios de comunicación  |9 257206 
650 0 |a Seguridad social  |9 255322 
650 0 |a Trabajo  |9 313876 
650 7 |a PREVISION  |2 CL-VaPUC  |9 407936 
650 0 |a Comercio  |9 255341 
650 0 |a Turismo  |9 308920 
650 0 |a Salud  |9 258663 
583 |a last modification  |c 19980423 00:00:00  |k Rodrigo Vera 
999 |c 268710  |d 268708 
952 |0 0  |1 0  |4 0  |6 304_602000000000000_INE_1971  |7 0  |8 X  |9 301971  |a BIBENE  |b BIBENE  |d 2019-11-20  |i 1982095  |o 304.602 INE 1971  |p 1982095  |r 2025-01-15  |w 2019-11-20  |y BK_X  |k ICO 
952 |0 0  |1 0  |4 0  |6 304_602000000000000_INE_1971  |7 0  |8 X  |9 301972  |a BIBHIS  |b BIBHIS  |d 2019-11-20  |i 1202308  |o 304.602 INE 1971  |p 1202308  |r 2024-01-30  |w 2019-11-20  |y BK_X  |k HIS 
952 |0 0  |1 0  |4 0  |6 304_602000000000000_INE_1971  |7 0  |8 X  |9 301973  |a BIBHIS  |b BIBHIS  |d 2019-11-20  |i 1202316  |o 304.602 INE 1971  |p 1202316  |r 2024-01-30  |w 2019-11-20  |y BK_X  |k HIS 
952 |0 0  |1 0  |2 ddc  |4 0  |6 304_602000000000000_INE_1971  |7 0  |8 X  |9 590912  |a BIBHIS  |b BIBHIS  |d 2019-11-20  |i 1212486  |o 304.602 INE 1971  |p 1212486  |r 2024-01-30  |t 4  |w 2019-11-20  |y BK_X  |k HIS